[Event "Masters Tournament (MTO)"]
[Site "Biel, CH"]
[Date "2025.07.14"]
[Round "1"]
[White "Aditya Varun Gampa"]
[Black "Trubini, Timon"]
[Result "1-0"]
[Board "45"]
[WhiteFideId "45066183"]
[BlackFideId "1347799"]
[WhiteTitle "FM"]
[WhiteElo "2187"]
[BlackElo "1922"]
[WhiteTeam "IND"]
[BlackTeam "SUI"]
[WhiteClock "1:06:52"]
[BlackClock "0:03:46"]
[Variant "Standard"]

1. e4 {[%clk 1:35:39]}  c5 {[%clk 1:40:56]} 2. Nc3 {[%clk 1:35:17]}  d6 {[%clk 1:41:18]} 3. Nf3 {[%clk 1:35:28]}  Nf6 {[%clk 1:40:19]} 4. e5 {[%clk 1:35:52]}  dxe5 {[%clk 1:40:43]} 5. Nxe5 {[%clk 1:36:17]}  Nbd7 {[%clk 1:39:04]} 6. d4 {[%clk 1:35:08]}  Nxe5 {[%clk 1:39:04]} 7. dxe5 {[%clk 1:35:27]}  Qxd1+ {[%clk 1:39:25]} 8. Nxd1 {[%clk 1:32:38]}  Nd5 {[%clk 1:39:13]} 9. Ne3 {[%clk 1:32:44]}  e6 {[%clk 1:38:01]} 10. g3 {[%clk 1:32:36]}  Bd7 {[%clk 1:32:43]} 11. Nxd5 {[%clk 1:29:44]}  exd5 {[%clk 1:32:53]} 12. Bg2 {[%clk 1:28:38]}  Be6 {[%clk 1:23:27]} 13. f4 {[%clk 1:29:20]}  O-O-O {[%clk 1:22:51]} 14. O-O {[%clk 1:28:53]}  g6 {[%clk 1:22:21]} 15. Be3 {[%clk 1:28:45]}  d4 {[%clk 1:16:34]} 16. Bf2 {[%clk 1:20:50]}  h5 {[%clk 1:08:33]} 17. Rfd1 {[%clk 1:27:11]}  Bf5 {[%clk 1:04:25]} 18. Rac1 {[%clk 1:27:17]}  Be7 {[%clk 0:55:46]} 19. h4 {[%clk 1:12:49]}  b6 {[%clk 0:55:13]} 20. a4 {[%clk 1:07:26]}  Kd7 {[%clk 0:41:48]} 21. c3 {[%clk 1:18:16]}  d3 {[%clk 0:42:09]} 22. c4 {[%clk 1:14:37]}  Kc7 {[%clk 0:39:17]} 23. Rd2 {[%clk 1:18:00]}  Rd7 {[%clk 0:38:36]} 24. Rc3 {[%clk 1:16:10]}  Rhd8 {[%clk 0:37:32]} 25. a5 {[%clk 1:01:55]}  Rc8 {[%clk 0:08:52]} 26. axb6+ {[%clk 1:11:43]}  axb6 {[%clk 0:08:34]} 27. Ra3 {[%clk 1:11:49]}  Kd8 {[%clk 0:06:47]} 28. Be3 {[%clk 1:08:22]}  Ke8 {[%clk 0:06:06]} 29. Rb3 {[%clk 1:07:05]}  Bd8 {[%clk 0:04:39]} 30. Kf2 {[%clk 1:06:52]}  Kf8 {[%clk 0:03:46]} 31. Bf1 {[%clk 1:06:52]} 1-0

[Event "Masters Tournament (MTO)"]
[Site "Biel, CH"]
[Date "2025.07.14"]
[Round "1"]
[White "Hottinger, Simon"]
[Black "Vemparala, Nikash"]
[Result "1/2-1/2"]
[Board "46"]
[WhiteFideId "1350552"]
[BlackFideId "30960967"]
[BlackTitle "CM"]
[WhiteElo "1913"]
[BlackElo "2187"]
[WhiteTeam "SUI"]
[BlackTeam "USA"]
[WhiteClock "0:01:25"]
[BlackClock "0:47:10"]
[Variant "Standard"]

1. e4 {[%clk 1:40:58]}  e5 {[%clk 1:33:24]} 2. Nf3 {[%clk 1:41:20]}  Nc6 {[%clk 1:33:52]} 3. Bc4 {[%clk 1:41:41]}  Bc5 {[%clk 1:34:14]} 4. d3 {[%clk 1:42:00]}  Nf6 {[%clk 1:34:40]} 5. Bg5 {[%clk 1:42:20]}  h6 {[%clk 1:34:25]} 6. Bh4 {[%clk 1:42:44]}  d6 {[%clk 1:34:02]} 7. O-O {[%clk 1:42:21]}  a6 {[%clk 1:32:57]} 8. c3 {[%clk 1:40:17]}  Ba7 {[%clk 1:32:17]} 9. a4 {[%clk 1:36:22]}  O-O {[%clk 1:29:45]} 10. Nbd2 {[%clk 1:35:02]}  Be6 {[%clk 1:18:36]} 11. Bxe6 {[%clk 1:19:38]}  fxe6 {[%clk 1:18:49]} 12. Nc4 {[%clk 1:20:01]}  Ne7 {[%clk 1:18:08]} 13. h3 {[%clk 1:00:30]}  Ng6 {[%clk 1:18:08]} 14. Bg3 {[%clk 1:00:59]}  Nh5 {[%clk 1:14:39]} 15. Bh2 {[%clk 0:59:47]}  Nhf4 {[%clk 1:12:11]} 16. Bxf4 {[%clk 0:54:26]}  Rxf4 {[%clk 1:06:35]} 17. Qe2 {[%clk 0:36:34]}  Qe7 {[%clk 1:05:53]} 18. g3 {[%clk 0:29:28]}  Rf6 {[%clk 1:05:01]} 19. Ne3 {[%clk 0:29:35]}  Raf8 {[%clk 1:05:13]} 20. Nh2 {[%clk 0:26:33]}  R6f7 {[%clk 1:01:56]} 21. Rad1 {[%clk 0:27:13]}  Qg5 {[%clk 0:50:26]} 22. Kh1 {[%clk 0:26:29]}  Bxe3 {[%clk 0:49:06]} 23. Qxe3 {[%clk 0:26:57]}  Qxe3 {[%clk 0:46:59]} 24. fxe3 {[%clk 0:27:26]}  Rf2 {[%clk 0:47:16]} 25. Rb1 {[%clk 0:19:46]}  Re2 {[%clk 0:45:10]} 26. Rxf8+ {[%clk 0:13:45]}  Nxf8 {[%clk 0:45:14]} 27. Nf1 {[%clk 0:14:09]}  Nd7 {[%clk 0:45:16]} 28. b4 {[%clk 0:12:51]}  Nb6 {[%clk 0:44:27]} 29. a5 {[%clk 0:11:53]}  Na4 {[%clk 0:44:16]} 30. b5 {[%clk 0:12:06]}  Nxc3 {[%clk 0:43:31]} 31. bxa6 {[%clk 0:12:26]}  bxa6 {[%clk 0:43:57]} 32. Rb8+ {[%clk 0:11:10]}  Kh7 {[%clk 0:44:00]} 33. Ra8 {[%clk 0:10:41]}  Nd1 {[%clk 0:43:42]} 34. Rxa6 {[%clk 0:08:25]}  Nxe3 {[%clk 0:44:03]} 35. Nxe3 {[%clk 0:04:56]}  Rxe3 {[%clk 0:43:57]} 36. Kg2 {[%clk 0:05:04]}  Rxd3 {[%clk 0:44:11]} 37. Rc6 {[%clk 0:05:13]}  Ra3 {[%clk 0:36:07]} 38. Rxc7 {[%clk 0:03:59]}  Rxa5 {[%clk 0:36:18]} 39. Re7 {[%clk 0:04:20]}  Ra3 {[%clk 0:35:48]} 40. Rxe6 {[%clk 0:04:06]}  Rd3 {[%clk 0:36:13]} 41. Kf2 {[%clk 0:02:53]}  Kg8 {[%clk 0:36:23]} 42. Re7 {[%clk 0:29:18]}  Kh8 {[%clk 1:04:44]} 43. Rd7 {[%clk 0:28:39]}  Kh7 {[%clk 1:05:01]} 44. Ra7 {[%clk 0:22:59]}  Kg6 {[%clk 1:05:14]} 45. Rb7 {[%clk 0:23:02]}  Kf6 {[%clk 1:05:23]} 46. Rd7 {[%clk 0:23:09]}  g6 {[%clk 1:03:54]} 47. Ra7 {[%clk 0:22:47]}  Kg5 {[%clk 1:00:08]} 48. Rf7 {[%clk 0:22:27]}  d5 {[%clk 0:53:33]} 49. exd5 {[%clk 0:20:00]}  Rxd5 {[%clk 0:52:06]} 50. Ke3 {[%clk 0:15:30]}  Ra5 {[%clk 0:50:56]} 51. Rf8 {[%clk 0:09:39]}  Ra3+ {[%clk 0:51:11]} 52. Kf2 {[%clk 0:10:03]}  Ra2+ {[%clk 0:50:44]} 53. Kf3 {[%clk 0:10:10]}  Ra3+ {[%clk 0:51:08]} 54. Kf2 {[%clk 0:10:30]}  h5 {[%clk 0:50:01]} 55. Rf7 {[%clk 0:03:06]}  Ra6 {[%clk 0:47:01]} 56. Ke3 {[%clk 0:02:13]}  Ra3+ {[%clk 0:41:49]} 57. Kf2 {[%clk 0:02:25]}  Ra2+ {[%clk 0:39:31]} 58. Kf3 {[%clk 0:02:41]}  e4+ {[%clk 0:39:45]} 59. Kxe4 {[%clk 0:02:09]}  Rh2 {[%clk 0:40:00]} 60. h4+ {[%clk 0:02:10]}  Kg4 {[%clk 0:40:19]} 61. Rf6 {[%clk 0:00:48]}  Kxg3 {[%clk 0:40:04]} 62. Rxg6+ {[%clk 0:01:09]}  Kxh4 {[%clk 0:40:30]} 63. Kf3 {[%clk 0:01:25]}  Ra2 {[%clk 0:40:42]} 64. Rg1 {[%clk 0:01:35]}  Ra3+ {[%clk 0:40:19]} 65. Kf4 {[%clk 0:01:55]}  Rh3 {[%clk 0:40:27]} 66. Rg2 {[%clk 0:02:03]}  Rh1 {[%clk 0:40:37]} 67. Kf3 {[%clk 0:01:38]}  Rf1+ {[%clk 0:41:01]} 68. Rf2 {[%clk 0:02:35]}  Ra1 {[%clk 0:41:23]} 69. Rh2+ {[%clk 0:02:44]}  Kg5 {[%clk 0:41:47]} 70. Rg2+ {[%clk 0:02:58]}  Kf5 {[%clk 0:42:13]} 71. Rh2 {[%clk 0:03:10]}  Ra3+ {[%clk 0:42:34]} 72. Kg2 {[%clk 0:03:34]}  Kg4 {[%clk 0:43:00]} 73. Kf2 {[%clk 0:03:12]}  Ra2+ {[%clk 0:42:59]} 74. Kg1 {[%clk 0:03:38]}  Ra1+ {[%clk 0:43:25]} 75. Kf2 {[%clk 0:03:54]}  h4 {[%clk 0:43:40]} 76. Rg2+ {[%clk 0:02:43]}  Kh3 {[%clk 0:43:55]} 77. Rg8 {[%clk 0:01:58]}  Ra3 {[%clk 0:43:52]} 78. Kg1 {[%clk 0:01:17]}  Ra1+ {[%clk 0:44:07]} 79. Kf2 {[%clk 0:01:41]}  Kh2 {[%clk 0:44:33]} 80. Rg2 {[%clk 0:00:38]}  Kh1 {[%clk 0:44:59]} 81. Rg4 {[%clk 0:00:39]}  h3 {[%clk 0:45:24]} 82. Kg3 {[%clk 0:00:31]}  Ra3+ {[%clk 0:45:24]} 83. Kf2 {[%clk 0:00:38]}  Kh2 {[%clk 0:45:44]} 84. Rg8 {[%clk 0:00:32]}  Ra7 {[%clk 0:46:02]} 85. Rg6 {[%clk 0:00:43]}  Rf7+ {[%clk 0:46:28]} 86. Ke2 {[%clk 0:01:05]}  Rf8 {[%clk 0:46:30]} 87. Rg7 {[%clk 0:01:05]}  Ra8 {[%clk 0:46:44]} 88. Kf2 {[%clk 0:00:44]}  Ra2+ {[%clk 0:47:10]} 89. Kf1 {[%clk 0:01:10]}  Rg2 {[%clk 0:47:37]} 90. Rh7 {[%clk 0:01:22]}  Rg8 {[%clk 0:47:41]} 91. Rf7 {[%clk 0:01:31]}  Rg6 {[%clk 0:47:01]} 92. Rf2+ {[%clk 0:00:32]}  Kg3 {[%clk 0:47:15]} 93. Kg1 {[%clk 0:00:31]}  Ra6 {[%clk 0:47:39]} 94. Rf1 {[%clk 0:00:35]}  Ra3 {[%clk 0:47:55]} 95. Rb1 {[%clk 0:00:31]}  Rf3 {[%clk 0:48:02]} 96. Kh1 {[%clk 0:00:31]}  Re3 {[%clk 0:48:20]} 97. Rg1+ {[%clk 0:00:47]}  Kh4 {[%clk 0:48:35]} 98. Rb1 {[%clk 0:01:05]}  Ra3 {[%clk 0:48:50]} 99. Rg1 {[%clk 0:01:08]}  Ra2 {[%clk 0:48:51]} 100. Rb1 {[%clk 0:01:25]}  Ra4 {[%clk 0:47:10]} 1/2-1/2

[Event "Masters Tournament (MTO)"]
[Site "Biel, CH"]
[Date "2025.07.14"]
[Round "1"]
[White "Yash Abhijit Patil"]
[Black "Jelicic, Hugo"]
[Result "1-0"]
[Board "47"]
[WhiteFideId "25602110"]
[BlackFideId "1349040"]
[WhiteElo "2186"]
[BlackElo "1908"]
[WhiteTeam "IND"]
[BlackTeam "SUI"]
[WhiteClock "0:52:16"]
[BlackClock "0:25:26"]
[Variant "Standard"]

1. d4 {[%clk 1:28:45]}  d5 {[%clk 1:40:55]} 2. Nf3 {[%clk 1:28:47]}  e6 {[%clk 1:41:18]} 3. g3 {[%clk 1:28:41]}  c6 {[%clk 1:41:20]} 4. Bg2 {[%clk 1:28:04]}  Nf6 {[%clk 1:40:23]} 5. O-O {[%clk 1:27:45]}  Bd6 {[%clk 1:37:56]} 6. Nbd2 {[%clk 1:25:51]}  O-O {[%clk 1:34:41]} 7. c4 {[%clk 1:25:40]}  b6 {[%clk 1:30:16]} 8. Qc2 {[%clk 1:21:44]}  Bb7 {[%clk 1:29:58]} 9. e4 {[%clk 1:16:55]}  dxe4 {[%clk 1:29:55]} 10. Nxe4 {[%clk 1:14:22]}  Nxe4 {[%clk 1:30:14]} 11. Qxe4 {[%clk 1:14:46]}  Nd7 {[%clk 1:29:20]} 12. b3 {[%clk 1:11:57]}  Nf6 {[%clk 1:19:24]} 13. Qe2 {[%clk 1:15:04]}  c5 {[%clk 1:18:06]} 14. Bb2 {[%clk 1:15:21]}  Qe7 {[%clk 1:13:38]} 15. Rfe1 {[%clk 1:14:53]}  cxd4 {[%clk 1:14:28]} 16. Nxd4 {[%clk 1:13:55]}  Bxg2 {[%clk 1:13:44]} 17. Kxg2 {[%clk 1:14:15]}  Rac8 {[%clk 1:03:10]} 18. Qf3 {[%clk 0:49:49]}  Qd7 {[%clk 0:39:28]} 19. Rad1 {[%clk 1:14:41]}  a6 {[%clk 0:34:34]} 20. h4 {[%clk 1:05:27]}  h5 {[%clk 0:31:54]} 21. Ne2 {[%clk 0:54:18]}  Qc6 {[%clk 0:30:04]} 22. Bxf6 {[%clk 0:54:16]}  gxf6 {[%clk 0:30:18]} 23. Qxc6 {[%clk 0:54:38]}  Rxc6 {[%clk 0:30:45]} 24. Nd4 {[%clk 0:55:01]}  Rfc8 {[%clk 0:24:04]} 25. Nxc6 {[%clk 0:54:40]}  Rxc6 {[%clk 0:24:30]} 26. Rd3 {[%clk 0:54:50]}  Kf8 {[%clk 0:24:30]} 27. Red1 {[%clk 0:53:18]}  Ke7 {[%clk 0:24:55]} 28. Rxd6 {[%clk 0:51:25]}  Rxd6 {[%clk 0:25:00]} 29. Rxd6 {[%clk 0:51:50]}  Kxd6 {[%clk 0:25:26]} 30. g4 {[%clk 0:52:16]} 1-0

[Event "Masters Tournament (MTO)"]
[Site "Biel, CH"]
[Date "2025.07.14"]
[Round "1"]
[White "Aryan Goyal"]
[Black "Georgescu, Lena"]
[Result "1/2-1/2"]
[Board "48"]
[WhiteFideId "366108825"]
[BlackFideId "1331973"]
[BlackTitle "WGM"]
[WhiteElo "1906"]
[BlackElo "2185"]
[WhiteTeam "IND"]
[BlackTeam "SUI"]
[WhiteClock "0:33:35"]
[BlackClock "0:27:50"]
[Variant "Standard"]

1. Nf3 {[%clk 1:40:36]}  c5 {[%clk 1:40:16]} 2. c4 {[%clk 1:40:23]}  Nf6 {[%clk 1:40:38]} 3. g3 {[%clk 1:40:21]}  b6 {[%clk 1:41:00]} 4. Bg2 {[%clk 1:40:31]}  Bb7 {[%clk 1:41:26]} 5. O-O {[%clk 1:40:34]}  e6 {[%clk 1:41:50]} 6. Nc3 {[%clk 1:39:47]}  Be7 {[%clk 1:42:01]} 7. b3 {[%clk 1:39:32]}  O-O {[%clk 1:41:20]} 8. Bb2 {[%clk 1:39:59]}  d6 {[%clk 1:40:25]} 9. a3 {[%clk 1:38:01]}  a6 {[%clk 1:38:33]} 10. Rc1 {[%clk 1:35:37]}  Nbd7 {[%clk 1:33:48]} 11. d3 {[%clk 1:34:45]}  d5 {[%clk 1:24:28]} 12. cxd5 {[%clk 1:30:06]}  exd5 {[%clk 1:23:23]} 13. d4 {[%clk 1:28:57]}  Re8 {[%clk 1:22:29]} 14. e3 {[%clk 1:16:38]}  Bd6 {[%clk 1:06:40]} 15. Qc2 {[%clk 1:12:17]}  Qe7 {[%clk 1:05:35]} 16. Rfd1 {[%clk 0:59:22]}  Rad8 {[%clk 0:58:08]} 17. dxc5 {[%clk 0:30:26]}  Nxc5 {[%clk 0:42:09]} 18. Nh4 {[%clk 0:46:00]}  Be5 {[%clk 0:31:57]} 19. Ne2 {[%clk 0:45:13]}  Nfe4 {[%clk 0:29:20]} 20. Bxe5 {[%clk 0:40:54]}  Qxe5 {[%clk 0:30:19]} 21. Nf3 {[%clk 0:40:43]}  Qf6 {[%clk 0:29:46]} 22. b4 {[%clk 0:39:58]}  Ne6 {[%clk 0:28:18]} 23. Nc3 {[%clk 0:35:28]}  h5 {[%clk 0:21:03]} 24. Nxe4 {[%clk 0:27:56]}  dxe4 {[%clk 0:20:55]} 25. Rxd8 {[%clk 0:26:52]}  Qxd8 {[%clk 0:18:22]} 26. Nd2 {[%clk 0:26:21]}  Ng5 {[%clk 0:17:51]} 27. Rd1 {[%clk 0:23:38]}  Qc8 {[%clk 0:13:00]} 28. Qxc8 {[%clk 0:22:45]}  Rxc8 {[%clk 0:14:51]} 29. h4 {[%clk 0:19:25]}  Nf3+ {[%clk 0:15:19]} 30. Nxf3 {[%clk 0:18:49]}  exf3 {[%clk 0:15:44]} 31. Bh3 {[%clk 0:17:27]}  Rc7 {[%clk 0:14:03]} 32. Rd6 {[%clk 0:14:13]}  Be4 {[%clk 0:11:15]} 33. Rd8+ {[%clk 0:11:07]}  Kh7 {[%clk 0:11:42]} 34. Rc8 {[%clk 0:10:56]}  Re7 {[%clk 0:09:51]} 35. Rb8 {[%clk 0:09:07]}  f5 {[%clk 0:09:01]} 36. Rxb6 {[%clk 0:07:38]}  Rd7 {[%clk 0:08:08]} 37. Rxa6 {[%clk 0:06:13]}  Rd1+ {[%clk 0:08:31]} 38. Kh2 {[%clk 0:06:38]}  Rd2 {[%clk 0:08:09]} 39. Kg1 {[%clk 0:06:58]}  Rd1+ {[%clk 0:07:09]} 40. Kh2 {[%clk 0:07:19]}  Rb1 {[%clk 0:05:56]} 41. Ra5 {[%clk 0:05:18]}  Kg6 {[%clk 0:29:45]} 42. b5 {[%clk 0:33:34]}  Rb2 {[%clk 0:27:10]} 43. Kg1 {[%clk 0:32:50]}  Rb1+ {[%clk 0:27:09]} 44. Kh2 {[%clk 0:33:10]}  Rb2 {[%clk 0:27:27]} 45. Kg1 {[%clk 0:33:35]}  Rb1+ {[%clk 0:27:50]} 1/2-1/2

[Event "Masters Tournament (MTO)"]
[Site "Biel, CH"]
[Date "2025.07.14"]
[Round "1"]
[White "Erne, Raphael"]
[Black "Chen, Jun-Wei"]
[Result "1/2-1/2"]
[Board "49"]
[WhiteFideId "1341928"]
[BlackFideId "16304128"]
[WhiteElo "2164"]
[BlackElo "1906"]
[WhiteTeam "SUI"]
[BlackTeam "TPE"]
[WhiteClock "0:02:13"]
[BlackClock "0:23:37"]
[Variant "Standard"]

1. c4 {[%clk 1:40:56]}  Nf6 {[%clk 1:40:47]} 2. g3 {[%clk 1:41:16]}  e6 {[%clk 1:41:07]} 3. Bg2 {[%clk 1:41:36]}  d5 {[%clk 1:41:30]} 4. Nf3 {[%clk 1:41:57]}  dxc4 {[%clk 1:41:54]} 5. Qa4+ {[%clk 1:42:05]}  Bd7 {[%clk 1:42:16]} 6. Qxc4 {[%clk 1:42:27]}  c5 {[%clk 1:42:37]} 7. O-O {[%clk 1:38:37]}  Nc6 {[%clk 1:39:29]} 8. d3 {[%clk 1:32:33]}  Rc8 {[%clk 1:34:28]} 9. Nc3 {[%clk 1:27:44]}  Be7 {[%clk 1:20:45]} 10. a3 {[%clk 1:25:48]}  O-O {[%clk 1:11:15]} 11. Bf4 {[%clk 1:06:49]}  a6 {[%clk 1:05:52]} 12. Rac1 {[%clk 1:04:02]}  b5 {[%clk 1:24:01]} 13. Qa2 {[%clk 1:02:15]}  Qb6 {[%clk 1:12:03]} 14. Rfd1 {[%clk 1:00:11]}  Rfd8 {[%clk 1:05:54]} 15. Ne5 {[%clk 0:48:45]}  Be8 {[%clk 0:57:50]} 16. Nxc6 {[%clk 0:42:22]}  Bxc6 {[%clk 1:07:36]} 17. Bxc6 {[%clk 0:41:48]}  Rxc6 {[%clk 1:07:28]} 18. b3 {[%clk 0:37:40]}  h6 {[%clk 1:04:29]} 19. Rc2 {[%clk 0:33:03]}  Rdc8 {[%clk 1:01:47]} 20. Rdc1 {[%clk 0:29:34]}  Qb7 {[%clk 0:55:56]} 21. Nd1 {[%clk 0:23:29]}  Nd7 {[%clk 0:52:59]} 22. Bd2 {[%clk 0:22:23]}  Bf6 {[%clk 0:50:30]} 23. Bc3 {[%clk 0:11:59]}  Bd4 {[%clk 0:46:55]} 24. Qb2 {[%clk 0:06:07]}  Ne5 {[%clk 0:37:47]} 25. Bxd4 {[%clk 0:19:20]}  cxd4 {[%clk 0:37:24]} 26. Rxc6 {[%clk 0:19:05]}  Rxc6 {[%clk 0:36:52]} 27. Rxc6 {[%clk 0:14:28]}  Qxc6 {[%clk 0:33:43]} 28. b4 {[%clk 0:13:35]}  Ng6 {[%clk 0:31:51]} 29. f3 {[%clk 0:10:19]}  Kh7 {[%clk 0:29:24]} 30. Kf2 {[%clk 0:13:46]}  e5 {[%clk 0:28:02]} 31. Ke1 {[%clk 0:13:11]}  Ne7 {[%clk 0:24:43]} 32. e4 {[%clk 0:09:02]}  Nc8 {[%clk 0:23:17]} 33. f4 {[%clk 0:08:47]}  f6 {[%clk 0:26:07]} 34. Qf2 {[%clk 0:06:04]}  Ne7 {[%clk 0:25:06]} 35. fxe5 {[%clk 0:05:46]}  fxe5 {[%clk 0:24:48]} 36. Qf7 {[%clk 0:05:46]}  Qf6 {[%clk 0:22:14]} 37. Qh5 {[%clk 0:00:53]}  Nc6 {[%clk 0:21:27]} 38. Nf2 {[%clk 0:03:29]}  Qg6 {[%clk 0:19:33]} 39. Qf5 {[%clk 0:01:19]}  h5 {[%clk 0:18:25]} 40. Ke2 {[%clk 0:00:44]}  Kh6 {[%clk 0:16:19]} 41. Qc8 {[%clk 0:28:25]}  Ne7 {[%clk 0:14:29]} 42. Qh8+ {[%clk 0:27:09]}  Kg5 {[%clk 0:07:33]} 43. Kf1 {[%clk 0:20:10]}  Qf7 {[%clk 0:06:01]} 44. Kg2 {[%clk 0:19:57]}  Qg8 {[%clk 0:02:03]} 45. h4+ {[%clk 0:14:54]}  Kg6 {[%clk 0:41:24]} 46. Qxg8 {[%clk 0:15:21]}  Nxg8 {[%clk 0:41:45]} 47. g4 {[%clk 0:14:55]}  Nf6 {[%clk 0:38:32]} 48. Kg3 {[%clk 0:11:11]}  Nd7 {[%clk 0:35:29]} 49. gxh5+ {[%clk 0:07:01]}  Kxh5 {[%clk 0:35:53]} 50. Ng4 {[%clk 0:07:17]}  Kg6 {[%clk 0:35:37]} 51. Nh2 {[%clk 0:07:12]}  Kf6 {[%clk 0:34:15]} 52. Nf3 {[%clk 0:07:06]}  Kg6 {[%clk 0:25:33]} 53. Nd2 {[%clk 0:05:34]}  Nb6 {[%clk 0:23:31]} 54. Nb3 {[%clk 0:04:58]}  Na4 {[%clk 0:23:54]} 55. Kg4 {[%clk 0:03:42]}  Kf6 {[%clk 0:23:30]} 56. Kh5 {[%clk 0:03:13]}  Nc3 {[%clk 0:21:30]} 57. Nc5 {[%clk 0:03:39]}  Nb1 {[%clk 0:21:55]} 58. Nd7+ {[%clk 0:03:14]}  Ke6 {[%clk 0:22:20]} 59. Nc5+ {[%clk 0:02:14]}  Kf6 {[%clk 0:22:49]} 60. Nd7+ {[%clk 0:02:38]}  Ke6 {[%clk 0:23:13]} 61. Nc5+ {[%clk 0:02:29]}  Kf6 {[%clk 0:23:37]} 62. Nd7+ {[%clk 0:02:13]} 1/2-1/2

[Event "Masters Tournament (MTO)"]
[Site "Biel, CH"]
[Date "2025.07.14"]
[Round "1"]
[White "Gao, Kai"]
[Black "Tureshbayev, Anuar"]
[Result "0-1"]
[Board "50"]
[WhiteFideId "8607770"]
[BlackFideId "651081709"]
[WhiteElo "1906"]
[BlackElo "2163"]
[WhiteTeam "CHN"]
[BlackTeam "IRL"]
[WhiteClock "0:01:57"]
[BlackClock "0:33:51"]
[Variant "Standard"]

1. e4 {[%clk 1:40:56]}  c5 {[%clk 1:40:55]} 2. Nf3 {[%clk 1:41:09]}  Nc6 {[%clk 1:41:20]} 3. d4 {[%clk 1:41:32]}  cxd4 {[%clk 1:41:46]} 4. Nxd4 {[%clk 1:41:56]}  Nf6 {[%clk 1:42:12]} 5. Nc3 {[%clk 1:42:16]}  e5 {[%clk 1:42:38]} 6. Ndb5 {[%clk 1:42:35]}  d6 {[%clk 1:43:03]} 7. Bg5 {[%clk 1:42:53]}  a6 {[%clk 1:43:28]} 8. Na3 {[%clk 1:43:16]}  b5 {[%clk 1:43:53]} 9. Nd5 {[%clk 1:43:37]}  Be7 {[%clk 1:44:18]} 10. Bxf6 {[%clk 1:43:58]}  Bxf6 {[%clk 1:44:03]} 11. c3 {[%clk 1:44:12]}  Ne7 {[%clk 1:41:43]} 12. Nc2 {[%clk 1:38:48]}  Nxd5 {[%clk 1:45:12]} 13. Qxd5 {[%clk 1:37:58]}  Ra7 {[%clk 1:39:32]} 14. a4 {[%clk 1:33:18]}  Bb7 {[%clk 1:45:56]} 15. Qd3 {[%clk 1:32:35]}  Qa8 {[%clk 1:22:39]} 16. f3 {[%clk 1:10:29]}  d5 {[%clk 1:46:13]} 17. exd5 {[%clk 1:10:51]}  Bxd5 {[%clk 1:38:53]} 18. Be2 {[%clk 0:52:36]}  O-O {[%clk 1:30:16]} 19. Nb4 {[%clk 0:45:45]}  Bb3 {[%clk 1:07:28]} 20. a5 {[%clk 0:32:59]}  Bh4+ {[%clk 1:10:48]} 21. g3 {[%clk 0:32:05]}  Bg5 {[%clk 0:55:18]} 22. Qe4 {[%clk 0:22:03]}  Qxe4 {[%clk 0:59:38]} 23. fxe4 {[%clk 0:17:18]}  Be3 {[%clk 0:57:53]} 24. Nd5 {[%clk 0:12:24]}  Bxd5 {[%clk 0:59:44]} 25. exd5 {[%clk 0:10:47]}  Rc7 {[%clk 0:57:28]} 26. Rd1 {[%clk 0:07:15]}  Rd8 {[%clk 0:54:47]} 27. Bf3 {[%clk 0:04:52]}  f5 {[%clk 0:53:43]} 28. Ke2 {[%clk 0:05:15]}  Bc5 {[%clk 0:50:39]} 29. g4 {[%clk 0:02:41]}  g6 {[%clk 0:49:47]} 30. Rhf1 {[%clk 0:02:46]}  Kg7 {[%clk 0:49:18]} 31. gxf5 {[%clk 0:02:35]}  gxf5 {[%clk 0:50:38]} 32. Bh5 {[%clk 0:00:34]}  Kf6 {[%clk 0:47:45]} 33. Bg4 {[%clk 0:03:37]}  f4 {[%clk 0:48:08]} 34. Bf3 {[%clk 0:03:50]}  b4 {[%clk 0:45:37]} 35. Kd3 {[%clk 0:02:16]}  Rdc8 {[%clk 0:39:38]} 36. Bg4 {[%clk 0:02:18]}  Rb8 {[%clk 0:37:18]} 37. c4 {[%clk 0:00:24]}  b3 {[%clk 0:36:51]} 38. Ke4 {[%clk 0:01:24]}  Bd6 {[%clk 0:37:13]} 39. Be2 {[%clk 0:01:47]}  Rc5 {[%clk 0:36:48]} 40. Rf3 {[%clk 0:00:38]}  Rxa5 {[%clk 0:35:42]} 41. Rdd3 {[%clk 0:00:12]}  Ra2 {[%clk 0:32:56]} 42. Rxb3 {[%clk 0:01:31]}  Rxb2 {[%clk 0:33:21]} 43. Rxb8 {[%clk 0:01:30]}  Rxe2+ {[%clk 0:33:25]} 44. Kd3 {[%clk 0:01:57]}  e4+ {[%clk 0:33:51]} 0-1

[Event "Masters Tournament (MTO)"]
[Site "Biel, CH"]
[Date "2025.07.14"]
[Round "1"]
[White "Gafner, Lancelot"]
[Black "Jakob, Simon"]
[Result "1-0"]
[Board "51"]
[WhiteFideId "1345818"]
[BlackFideId "1301110"]
[WhiteElo "1901"]
[BlackElo "2157"]
[WhiteTeam "SUI"]
[BlackTeam "SUI"]
[WhiteClock "0:24:14"]
[BlackClock "0:10:11"]
[Variant "Standard"]

1. e4 {[%clk 1:40:58]}  c5 {[%clk 1:40:47]} 2. Nf3 {[%clk 1:41:22]}  Nc6 {[%clk 1:39:06]} 3. d4 {[%clk 1:41:05]}  cxd4 {[%clk 1:39:17]} 4. Nxd4 {[%clk 1:41:29]}  Nf6 {[%clk 1:39:17]} 5. Nc3 {[%clk 1:41:51]}  e5 {[%clk 1:39:13]} 6. Ndb5 {[%clk 1:42:05]}  d6 {[%clk 1:38:58]} 7. Bg5 {[%clk 1:42:18]}  a6 {[%clk 1:38:35]} 8. Na3 {[%clk 1:42:40]}  b5 {[%clk 1:38:33]} 9. Nd5 {[%clk 1:42:50]}  Be7 {[%clk 1:38:32]} 10. Bxf6 {[%clk 1:43:01]}  Bxf6 {[%clk 1:38:42]} 11. c3 {[%clk 1:43:14]}  Rb8 {[%clk 1:36:25]} 12. Nc2 {[%clk 1:42:47]}  Bg5 {[%clk 1:35:58]} 13. a4 {[%clk 1:35:22]}  bxa4 {[%clk 1:35:50]} 14. Rxa4 {[%clk 1:35:45]}  a5 {[%clk 1:28:19]} 15. Ra2 {[%clk 1:35:47]}  O-O {[%clk 1:27:54]} 16. Bc4 {[%clk 1:35:47]}  Be6 {[%clk 1:23:54]} 17. Nce3 {[%clk 1:34:23]}  Qd7 {[%clk 1:17:22]} 18. h4 {[%clk 1:22:18]}  Bd8 {[%clk 0:53:49]} 19. Qf3 {[%clk 1:07:54]}  Ne7 {[%clk 0:48:51]} 20. h5 {[%clk 1:02:55]}  h6 {[%clk 0:34:59]} 21. g4 {[%clk 0:44:05]}  Bb6 {[%clk 0:29:10]} 22. g5 {[%clk 0:37:08]}  hxg5 {[%clk 0:20:09]} 23. h6 {[%clk 0:30:29]}  f5 {[%clk 0:17:54]} 24. hxg7 {[%clk 0:23:54]}  Kxg7 {[%clk 0:14:20]} 25. Qh5 {[%clk 0:23:54]}  Bxd5 {[%clk 0:10:04]} 26. Qh7+ {[%clk 0:23:49]}  Kf6 {[%clk 0:10:11]} 27. Rh6+ {[%clk 0:24:14]} 1-0